| 000 | 00536nam a22001577a 4500 | ||
|---|---|---|---|
| 999 |
_c15872 _d15872 |
||
| 003 | AR-CdUCM | ||
| 008 | 190430b ||||| |||| 00| 0 spa d | ||
| 040 |
_aMUNICIPALIDAD PROVINCIAL DEL CUSCO _cBIBLIOTECA MUNICIPAL DEL CUSCO |
||
| 082 |
_a331.88 / _bSI616 / 1982. |
||
| 110 |
_aCentro de educación y comunicación popular _935069 |
||
| 245 |
_aSindicalización campesina I : _bhistoria de los mataprefecto / |
||
| 260 |
_aLima : _bCECP, _c1982. |
||
| 300 |
_a31 páginas ; _bgráficos, _c29 cm. |
||
| 942 |
_2ddc _cFOLLETOS |
||
| 945 | _awfj | ||